| 000 | 00532nam a2200181 4500 | ||
|---|---|---|---|
| 001 | 113795 | ||
| 003 | ES-MaACL | ||
| 005 | 20230906190016.0 | ||
| 007 | t| | ||
| 008 | 061121s1964 sp r ||||1| spa d | ||
| 100 | 1 |
_aNollau, Gúnther. _985923 |
|
| 245 | 1 | 4 |
_aLas internacionales / _cGúnther Nollau ; versión española de Juan Fontcuberta. |
| 250 | _a1ª. ed. | ||
| 260 |
_aBarcelona : _bLuis de Caralt, _c1964. |
||
| 300 |
_a348 p. ; _c23 cm. |
||
| 700 | 1 |
_aFontcuberta, Juan. _951628 |
|
| 852 |
_aES-MaACL _jC-26367 _bR.55572 |
||
| 999 |
_c113795 _d113795 |
||